MARC

LEADER 00000nam0a2200000 4500
001 33834
005 20231101210207.0
035 |a (RuTPU)RU\TPU\book\34205 
035 |a BOOK00000856 
090 |a 33834 
100 |a 20011210d1961 km y0rusy50 ca 
101 0 |a rus  |a ger 
102 |a RU 
105 |a y e 000zy 
200 1 |a Русско-немецкий радиотехнический словарь  |f П. К. Горохов 
210 |a Москва  |c Физматгиз  |d 1961 
215 |a 390 с. 
606 1 |a Немецкий язык  |x Терминологические словари  |2 stltpush  |3 (RuTPU)RU\TPU\subj\45383  |9 64626 
606 1 |a Радиотехника  |2 stltpush  |3 (RuTPU)RU\TPU\subj\71345  |9 85301 
610 1 |a немецко-русские словари 
610 1 |a терминологические словари 
675 |a 621.37(038)  |v 3 
686 |a Ш143.24-43  |v LBC/SL-A  |2 rubbk 
700 1 |a Горохов  |b П. К.  |g Петр Кузьмич 
801 0 |a RU  |b 63413507  |c 20011210  |g PSBO 
801 2 |a RU  |b 63413507  |c 20161101  |g PSBO 
942 |c BK